Евфемізми в спілкуванні при зв"язках з громадськістю (Запис № 282603)

МАРК-запис
000 -LEADER
fixed length control field 01415nam a22001577a 4500
041 ## - LANGUAGE CODE
Language code of text/sound track or separate title ukr
080 ## - UNIVERSAL DECIMAL CLASSIFICATION NUMBER
Universal Decimal Classification number 09
090 ## - LOCALLY ASSIGNED LC-TYPE CALL NUMBER (OCLC); LOCAL CALL NUMBER (OCLC)
Local cutter number (OCLC) ; Book number/undivided call number, CALL (RLIN) РЕБ
100 ## - MAIN ENTRY--PERSONAL NAME
Personal name Ребрина, І.
245 ## - TITLE STATEMENT
Title Евфемізми в спілкуванні при зв"язках з громадськістю
260 ## - PUBLICATION, DISTRIBUTION, ETC. (IMPRINT)
Place of publication, distribution, etc Острог
Name of publisher, distributor, etc КАФ
Date of publication, distribution, etc 2004
300 ## - PHYSICAL DESCRIPTION
Extent 41
520 ## - SUMMARY, ETC.
Summary, etc Розділ 1. Зв"язки з громадськістю як один із видів масової комунікації<br/>1.1 Історія розвитку зв"язків з громадськістю<br/>1.2 Загальні причини встановлення інституту паблік релейшенз<br/>1.3 Процес увфемізіції мови в усіх видіх діяльності людини<br/>1.3.1 Суть та причини виникнення евфемізмів<br/>1.3.2 Евфемізми як складова лексичних засобів мови<br/>Розділ 2. Політична коректність та політичні евфемізми<br/>2.1 Політична коректність як мовний феномен<br/>2.2 Евфемізація як складова лексичних засобів мови<br/>Розділ 3. Вживання евфемізмів в публіцистиці
-- комунікація, лексикологія, евфемізм
650 ## - SUBJECT ADDED ENTRY--TOPICAL TERM
Topical term or geographic name as entry element Research Papers
942 ## - ADDED ENTRY ELEMENTS (KOHA)
Koha item type Книги
Фонди
Withdrawn status Lost status Source of classification or shelving scheme Damaged status Not for loan Home library Current library Date acquired Source of acquisition Coded location qualifier Cost, normal purchase price Total Checkouts Full call number Barcode Date last seen Price effective from Koha item type
    Universal Decimal Classification     ВІЛ - Відділ іноземн. літератури НБ ВІЛ - Відділ іноземн. літератури НБ 08/08/2005 Акт В12 1.00   09 210165 15/12/2021 16/12/2004 Книги